000 00327nam a2200133Ia 4500
008 260604s9999 xx 000 0 und d
020 _a9781439839485
082 _a332 LAI
100 _aLAI TZE LEUNG
_935170
245 0 _aDATA SCIENCE AND RISK ANALYTICS IN FINANCE AND INS
260 _bROU
500 _aFinance
942 _cBK
999 _c7930
_d7930